Детерминологизация английской экономической терминологии (Запись № 1800868)

Подробности
000 -МАРКЕР
контрольное поле 01683nam0a2200337 4500
001 - ИДЕНТИФИКАТОР ЗАПИСИ
контрольное поле RU\NLR\bibl\1813956
005 - ИДЕНТИФИКАТОР ВЕРСИИ
контрольное поле 20240726023602.0
020 ## - НОМЕР ДОКУМЕНТА В НАЦИОНАЛЬНОЙ БИБЛИОГРАФИИ
Код страны Российская Федерация
Номер 10-3914
Основное заглавие издания Российской книжной палаты Летопись авторефератов диссертаций
021 ## - НОМЕР ГОСУДАРСТВЕННОЙ РЕГИСТРАЦИИ
Код страны Российская Федерация
Номер 2011-839а
Номер Листа государственной регистраци 034аа
035 ## - ДРУГИЕ СИСТЕМНЫЕ НОМЕРА
Идентификатор записи (NLR Aleph) 001804552
100 ## - ДАННЫЕ ОБЩЕЙ ОБРАБОТКИ
Данные общей обработки 20110708d2010 u u0rusy50 ca
101 0# - ЯЗЫК РЕСУРСА
Язык текста, звукозаписи и т.д. русский
102 ## - СТРАНА ПУБЛИКАЦИИ ИЛИ ПРОИЗВОДСТВА
Страна публикации Российская Федерация
105 ## - ПОЛЕ КОДИРОВАННЫХ ДАННЫХ: ТЕКСТОВЫЕ МАТЕРИАЛЫ, МОНОГРАФИЧЕСКИЕ
Кодированные данные о монографическом текстовом документе y dm |||||
200 1# - ЗАГЛАВИЕ И СВЕДЕНИЯ ОБ ОТВЕТСТВЕННОСТИ
Основное заглавие Детерминологизация английской экономической терминологии
Сведения, относящиеся к заглавию (лингвокультурный и функциональный аспект)
-- автореферат диссертации на соискание ученой степени кандидата филологических наук
-- специальность 10.02.04 <Германские языки>
Первые сведения об ответственности Акинин Юрий Владимирович
Последующие сведения об ответственности [Междунар. ин-т рынка]
210 ## - ПУБЛИКАЦИЯ, РАСПРОСТРАНЕНИЕ И ДР.
Место издания, распространения и т.д. Самара
Дата издания, распространения и т.д. 2010
215 ## - ФИЗИЧЕСКАЯ ХАРАКТЕРИСТИКА
Специфическое обозначение материала и объем 26 с.
Размеры 21
320 ## - ПРИМЕЧАНИЯ О НАЛИЧИИ В ДОКУМЕНТЕ БИБЛИОГРАФИИ / УКАЗАТЕЛЯ
Текст примечания Библиогр.: с. 26 (7 назв.)
327 0# - ПРИМЕЧАНИЯ О СОДЕРЖАНИИ
Текст примечания Место защиты: Поволж. гос. социал.-гуманитар. акад.
675 ## - УНИВЕРСАЛЬНАЯ ДЕСЯТИЧНАЯ КЛАССИФИКАЦИЯ (UDC/УДК)
Индекс 811.111
Издание 3
Язык издания rus
686 ## - ИНДЕКСЫ ДРУГИХ КЛАССИФИКАЦИЙ
Индекс 81.2Англ
Код системы
686 ## - ИНДЕКСЫ ДРУГИХ КЛАССИФИКАЦИЙ
Индекс 10.02.04
Код системы
700 #1 - ИМЯ ЛИЦА - ПЕРВИЧНАЯ ОТВЕТСТВЕННОСТЬ
Начальный элемент ввода Акинин
Часть имени, кроме начального элемента ввода Ю. В.
Расширение инициалов личного имени Юрий Владимирович
Код отношения Автор
801 #0 - ИСТОЧНИК ЗАПИСИ
Страна Российская Федерация
Организация RKP
Дата составления 20110708
Правила каталогизации PSBO
801 #1 - ИСТОЧНИК ЗАПИСИ
Страна Российская Федерация
Организация RKP
Дата составления 20110708
801 #2 - ИСТОЧНИК ЗАПИСИ
Страна Российская Федерация
Организация NLR
Дата составления 20110928
Правила каталогизации rcr
901 ## - ДАННЫЕ ОБ ОБЪЕКТЕ ОЦИФРОВКИ
-- Авторефераты
942 ## - ДОПОЛНИТЕЛЬНЫЕ ЭЛЕМЕНТЫ ЗАПИСИ (АБИС)
Тип экземпляра АБИС Книга
981 10 - КОЛЛЕКЦИЯ ЭЛЕКТРОННОЙ БИБЛИОТЕКИ
Название коллекции Авторефераты

Нет доступных экземпляров.